000 01991nam a2200397 i 4500
001 000039354
003 DO-SdBNP
005 20250918104915.0
007 ta
008 090709s2003 dr a 000 0 spa d
040 _aDO-SdBNP
_bspa
_cBNPHU
_erda
082 4 _a304.6097293
_bR426e, 2003
_222
245 0 0 _aRepública Dominicana :
_bencuesta demográfica y de salud 2002 /
_cdirección, Maritza Molina Achécar.
264 1 _aSanto Domingo :
_bSecretaría de Estado de Salud Pública y Asistencia Social :
_bCRESS,
_c2003.
300 _axxxii, 507 páginas :
_bilustraciones ;
_c28 cm.
336 _atexto
_btxt
_2rdacontent
337 _asin mediación
_bn
_2rdamedia
338 _avolumen
_bnc
_2rdacarrier
590 _aInventariado, 2018/BT
650 0 _aFertilidad humana
_zRepública Dominicana
_xEstadísticas
_y2002
_913543
650 4 _aControl natal
_zRepública Dominicana
_xEstadísticas
_y2002
_965550
650 4 _aAnticoncepción
_zRepública Dominicana
_xEstadísticas
_y2002
_965551
650 4 _aMortalidad infantil
_zRepública Dominicana
_xEstadísticas
_y2002
_965552
650 4 _aMortalidad materna
_zRepública Dominicana
_xEstadísticas
_y2002
_965553
650 4 _aEnfermedades de transmisión sexual
_zRepública Dominicana
_xEstadísticas
_y2002
_965554
650 0 _aSIDA (Enfermedad)
_zRepública Dominicana
_xEstadísticas
_y2002
_952709
651 4 _aRepública Dominicana
_xPoblación
_xEstadísticas
_y2002
_965556
700 1 _aMolina Achécar, Maritza,
_edirector
_910841
710 1 _aRepública Dominicana.
_bSecretaria de Estado de Salud Pública
_965557
710 2 _aCentro de Estudios Sociales y Demográficos (República Dominicana)
_954618
710 2 _aAsociación Dominicana Pro Bienestar de la Familia
_956602
710 2 _aOficina Nacional de Planificación (República Dominicana)
_910843
710 2 _aComisión Ejecutiva para la Reforma del Sector Salud (República Dominicana)
_965558
910 _aValidado. Control de calidad. MFF
942 _2ddc
_cLBS1
999 _c38844
_d38844